| LEADER |
01984ngm0a2200325 450 |
| 001 |
16834686 |
| 100 |
|
|
|a 20080828d2007 u u0frey01 ba
|
| 101 |
1 |
|
|a eng
|c eng
|
| 102 |
|
|
|a US
|
| 200 |
0 |
|
|a Limier (Le)
|d Sleuth
|f Kenneth Branagh, réal.
|g Harold Pinter, scénario, adapt. Anthony Shaffer, - Patrick Doyle, comp. - Jude Law, Michael Caine, Harold Pinter ...[et al.] act
|
| 207 |
|
1 |
|a
|
| 210 |
|
|
|a USA
|c Castle Rock Entertainment
|d 2007
|
| 215 |
|
|
|a 1 DVD vidéo monoface zone 2 (1 h 27 min)
|c 16/9, coul. (PAL), son. (Dolby digital 5.1)
|
| 300 |
|
|
|a Droit de prêt et consultation
|
| 327 |
|
|
|a Commentaire audio de l'équipe du film, 'Jeu du chat et de la souris' : l'envers du décor, 'Inspecteur Black', bandes-annnonces
|
| 330 |
|
|
|a Milo Tindle, un jeune comédien au chômage, se rend chez Andrew Wyke, millionnaire et auteur de romans policiers. Son objectif : convaincre le romancier de divorcer de son épouse avec qui il vit désormais. Contre toute attente, Wyke accepte. A une condition cependant : Tindle devra l'aider à simuler le cambriolage de sa propriété, afin de toucher l'argent de l'assurance... C'est le début d'un duel implacable entre deux intelligences rivales, entre deux hommes qui sont peut-être moins opposés qu'il n'y paraît...... Un duel implacable pour ce huis clos bien ficelé qui ne fera pas oublier, malgré tout, le chef-d'oeuvre de Mankiewicz
|
| 464 |
|
|
|a Commentaire audio de l'équipe du film
|
| 464 |
|
|
|a 'Jeu du chat et de la souris' : l'envers du décor
|
| 464 |
|
|
|a 'Inspecteur Black'
|
| 464 |
|
|
|a bandes-annnonces
|
| 700 |
|
0 |
|a Branagh
|b Kenneth
|4 370
|
| 702 |
|
0 |
|a Caine
|b Michael
|4 590
|
| 702 |
|
0 |
|a Law
|b Jude
|4 590
|
| 702 |
|
0 |
|a Pinter
|b Harold
|4 690
|
| 702 |
|
0 |
|a O'Sullivan
|b Carmel
|4 590
|
| 702 |
|
0 |
|a Doyle
|b Patrick
|4 230
|
| 702 |
|
0 |
|a Shaffer
|b Anthony
|4 100
|
| 900 |
|
|
|a Film
|
| 901 |
|
|
|a Accessible au prêt
|
| 995 |
|
|
|a Bibliothèque
|c Bibliothèque
|f 00156007113590
|h 00156007113590
|k F BRA
|o p
|q a
|r gd
|e Bibliothèque
|